000 00576nam a2200217Ia 4500
003 BUBTL
008 151213s9999 xx 000 0 und d
020 _a984-32-1148-x
082 _a349.5492/HAL
100 _aHalim, Md. Abdul
_94164
245 _aThe Legal System of Bangladesh
_cMd. Abdul Halim
250 _a3rd
260 _aDhaka
_bC C B Foundation
_cc2008
300 _a352p . :
_b22cm.
650 _aLaw
_94165
650 _aLaw
_94165
700 _aMd. Abdul Halim
_94166
856 _k0
_l0
_yDownload
942 _2ddc
_cBK
999 _c3402
_d3402